000 00647cam a22002053a 4500
001 45493
003 PGUSA
005 20140828084043.0
008 140425s2014||||xxu|||||s|||||000 | eng d
040 _aPGUSA
_beng
042 _adc
100 1 _aDay, Thomas Fleming
245 1 0 _aOn Yacht Sailing :
_bA simple Treatise for Beginners upon the Art of Handling Small Yachts and Boats
_h[electronic resource] /
_cThomas Fleming Day
260 _bProject Gutenberg,
_c2014
506 _aPublic domain in the USA.
516 _aElectronic text
830 0 _aProject Gutenberg
_v45493
856 4 0 _uhttp://www.gutenberg.org/ebooks/45493
942 _cEB
999 _c274744
_d274744